000 00415nam a2200145 i 4500
001 bg
245 0 _aFrancusko-russkij stroitel'nyj słovar /
_cSostavili : G. V. Sacharov [i in.].
260 _aMoskva :
_bGosudarst. Izatel'stvo Fiziko- Matematiceskoj Literatury,
_c1959.
300 _as. 507, 1 nlb.
040 _cBPK
041 _apol
080 _a69
942 _cKS
008 s pl f |000 0 pol
999 _c8294
_d8294